[Event "BL Meisterschaftsturnier 2020"]
[Site "Karlsruhe"]
[Date "2020.09.18"]
[Round "4.14"]
[White "Fedorovsky, Michael"]
[Black "Schmidek, Emil"]
[Result "1-0"]
[WhiteElo "2422"]
[BlackElo "2395"]
[Annotator "TA"]
[PlyCount "115"]
[EventDate "2020.09.16"]
[EventType "team-tourn"]
[EventCountry "GER"]
[SourceTitle "playchess.com"]
[Source "ChessBase"]
[SourceQuality "1"]
[WhiteTeam "Bayern Muenchen"]
[BlackTeam "SF Berlin"]

{[%evp 9,115,23,31,19,27,-1,1,2,25,12,12,12,20,6,45,43,97,93,92,91,92,83,85,90,97,91,81,84,63,75,115,102,343,343,343,343,354,355,365,359,361,338,357,204,348,355,345,172,326,329,331,334,334,334,334,334,331,328,314,314,337,337,404,388,318,345,375,367,254,0,399,377,406,347,381,469,537,451,561,552,550,548,610,529,2064,1725,2769,2375,3265,2600,2290,2125,1916,1758,12834,12834,12834,12834,12835,12835,12835,12835,12835,12836,12840,12839,12844,12841]} 1. d4 d5 2. c4 e6 3. Nc3 a6 4. cxd5 exd5 5. Nf3 Nf6 6. Bg5 {D37: Queen's Gambit Declined: 5 Bf4.} Be6 7. Bxf6 Qxf6 8. Qb3 {The position is equal.} Ra7 9. g3 {[#]} Bd6 $146 ({Predecessor:} 9... Qd8 10. Bg2 c6 11. h4 Be7 12. Ng5 Bc8 13. e4 h6 14. Nf3 dxe4 15. Nxe4 Be6 {1-0 (48) Gozzoli,Y (2604)-Mons,L (2554) chess.com INT 2020}) 10. Bg2 ({Not} 10. Nxd5 $2 Qf5 $19) 10... O-O 11. O-O Nd7 12. Nxd5 Qd8 {[#]} (12... Qh6 $1 $14) 13. Ne5 $1 $16 Nb6 {Hoping for ...Bxe5.} 14. e4 a5 15. Qc2 Bxd5 16. exd5 a4 17. Nd3 Qf6 18. Qc3 Qf5 19. Ne5 f6 20. f4 fxe5 $2 (20... Raa8 $16 {was worth a try.} 21. Rae1 Rae8) 21. fxe5 $18 {[%mdl 64] Discovered Attack} Qd7 22. exd6 Qxd6 23. Rxf8+ Kxf8 24. Rf1+ Kg8 25. Qf3 {Qf7+ would kill now.} Ra8 26. Qf7+ Kh8 27. Re1 {Intending Re8+ and mate.} Qf8 28. Qxf8+ Rxf8 {[%mdl 4096] Endgame KRB-KRN} 29. Re7 Rc8 30. Bh3 Nxd5 31. Bxc8 {[%cal Re7e8]} Nxe7 32. Bxb7 {KB-KN} Kg8 33. Kf2 Kf7 34. Be4 h6 35. Bc2 Ke6 36. Bxa4 Kd5 37. Ke3 Nf5+ 38. Kd3 Nxd4 39. Bb3+ $2 (39. Be8 $18) 39... Kc5 $2 {[%mdl 8192]} (39... Nxb3 $11 {and Black has nothing to worry.} 40. axb3 Kc5) 40. Bd1 Nc6 41. Ke4 Kd6 42. a3 Ke6 {White is clearly winning.} 43. b4 Kd6 44. h4 Ne7 45. Bb3 Nc6 46. h5 Nb8 47. Kf5 Ke7 48. Ba4 Kf7 49. Bb5 Ke7 50. a4 {[%cal Ba3a4,Ba4a5,Ba5a6][%mdl 32]} c6 51. Bc4 Nd7 52. a5 Kd6 53. a6 Kc7 54. Ke6 Nf6 55. Be2 Ne4 56. g4 Nc3 57. Bf3 Na2 {[#]} 58. b5 $1 {[%mdl 576] Promotion. Accuracy: White = 96%, Black = 60%.} 1-0

[Event "BL Meisterschaftsturnier 2020"]
[Site "Karlsruhe"]
[Date "2020.09.18"]
[Round "4.15"]
[White "Polzin, Rainer"]
[Black "Lokander, Martin"]
[Result "1-0"]
[WhiteElo "2415"]
[BlackElo "2406"]
[Annotator "TA"]
[PlyCount "62"]
[EventDate "2020.09.16"]
[EventType "team-tourn"]
[EventCountry "GER"]
[SourceTitle "playchess.com"]
[Source "ChessBase"]
[SourceQuality "1"]
[WhiteTeam "SF Berlin"]
[BlackTeam "Bayern Muenchen"]

{[%evp 12,62,28,27,29,17,25,29,21,24,26,13,26,22,32,27,30,8,14,2,10,0,18,-83,-76,-74,-86,-78,-19,-177,-198,-197,-161,-191,-185,-757,-655,-782,-760,-1055,-1068,-946,-470,-456,-481,-433,-466,-457,-434,-943,-881,-29990,-29991]} 1. e4 c5 2. Nc3 Nc6 3. Nf3 e5 4. Bc4 Be7 5. d3 d6 6. Nd2 Nf6 7. Nf1 Nd7 {B30: Sicilian: 2...Nc6 3 Bb5, lines without ...g6.} 8. a3 Nb6 9. Ba2 Be6 {White has an edge.} 10. Ne3 O-O {[#]} 11. h4 $146 ({Predecessor:} 11. Ncd5 Bg5 12. O-O Bxe3 13. fxe3 Ne7 14. c4 f5 15. Bd2 Bxd5 16. exd5 Nd7 17. b4 {0-1 (35) Karjakin,S (2752)-Carlsen,M (2861) Abidjan 2019}) 11... Kh8 12. Ncd5 Qd7 13. c3 Bd8 14. Qf3 Ne7 15. Nxb6 Bxb6 16. g4 Rad8 17. c4 (17. h5 $1 $11 {remains equal.}) 17... Ba5+ $17 18. Kf1 h5 {[%cal Rh5g4]} 19. g5 {[#]} Bg4 (19... g6 $1 $17) 20. Qg3 $2 {This costs White the game.} (20. Nxg4 $11 {and White has nothing to worry.} hxg4 21. Qg2) 20... f5 $19 {White must now prevent ...f4.} 21. gxf6 Rxf6 {Hoping for ...Rdf8.} 22. Nxg4 hxg4 23. Ke2 $2 (23. Bb3 Rf3 24. Qg2) 23... Rf3 {aiming for ...Nf5.} 24. Qg2 Rdf8 25. h5 Nc6 26. Be3 Qf7 (26... Nd4+ $142 27. Bxd4 exd4) 27. Raf1 Nd4+ 28. Kd1 {[#]} g3 $1 {[%mdl 512]} 29. Bb1 (29. fxg3 Rxf1+) 29... gxf2 30. Bc1 (30. Bxd4 $142 exd4 31. Kc2) 30... Qe8 {( -> ...Qa4+)} 31. Bc2 Rxd3+ {[%mdl 32768] Accuracy: White = 55%, Black = 86%. . Loss on time!?} 1-0

[Event "BL Meisterschaftsturnier 2020"]
[Site "Karlsruhe"]
[Date "2020.09.18"]
[Round "4.15"]
[White "Reuker, Jari"]
[Black "Tarlev, Konstantin"]
[Result "0-1"]
[WhiteElo "2401"]
[BlackElo "2561"]
[Annotator "RC"]
[PlyCount "64"]
[EventDate "2020.09.16"]
[EventType "team-tourn"]
[EventCountry "GER"]
[SourceTitle "playchess.com"]
[Source "ChessBase"]
[SourceQuality "1"]
[WhiteTeam "Werder Bremen"]
[BlackTeam "Viernheim"]
[TimeControl "40/5400+30:1800+30"]

1. Nf3 {[%emt 0:00:00]} d5 {[%emt 0:02:08]} 2. g3 {[%emt 0:00:17]} Bg4 {[%emt 0:01:38]} 3. Bg2 {[%emt 0:00:15]} c6 {[%emt 0:01:23]} 4. c4 {[%emt 0:00:49]} e6 {[%emt 0:04:35]} 5. O-O {[%emt 0:01:39]} Nf6 {[%emt 0:10:43]} 6. d3 {[%emt 0:05:44]} Be7 {[%emt 0:15:29]} 7. Qb3 {[%emt 0:03:32]} Qb6 {[%emt 0:01:16]} 8. Be3 {[%emt 0:01:50]} dxc4 {[%emt 0:27:14]} 9. dxc4 {[%emt 0:30:41]} Qa6 {[%emt 0:00:55]} 10. h3 {[%emt 0:02:37]} Bh5 {[%emt 0:01:05]} 11. g4 {[%emt 0:03:57]} Bg6 {[%emt 0:00:06]} 12. Ne5 {[%emt 0:01:06]} Nbd7 {[%emt 0:01:28]} 13. Nxg6 {[%emt 0:01:41]} hxg6 {[%emt 0:00:03]} 14. g5 {[%emt 0:01:23]} Nh7 {[%emt 0:02:44]} 15. h4 {[%emt 0:10:53]} Nhf8 {[%emt 0:01:13]} 16. Nd2 {[%emt 0:02:40]} Rxh4 {[%emt 0:00:27]} 17. Qc3 {[%emt 0:01:55]} e5 {[%emt 0:05:13]} 18. Ne4 {[%emt 0:04:00]} f5 {[%emt 0:03:14]} 19. gxf6 {[%emt 0:00:32]} gxf6 {[%emt 0:00:05]} 20. f4 {[%emt 0:13:41]} f5 {[%emt 0:01:32]} 21. Nd2 {[%emt 0:00:36]} e4 {[%emt 0:02:08]} 22. b4 {[%emt 0:02:57]} Bf6 {[%emt 0:04:37]} 23. Bd4 {[%emt 0:00:31]} Bxd4+ {[%emt 0:04:53]} 24. Qxd4 {[%emt 0:00:01]} Ne6 {[%emt 0:00:46]} 25. Qc3 {[%emt 0:05:29]} Rxf4 {[%emt 0:04:37]} 26. Qh8+ {[%emt 0:00:06]} Ndf8 {[%emt 0:00:04]} 27. Rxf4 {[%emt 0:01:48]} Nxf4 {[%emt 0:00:03]} 28. Qe5+ {[%emt 0:02:01]} N4e6 {[%emt 0:00:09]} 29. Bxe4 {[%emt 0:01:17]} Qb6+ {[%emt 0:01:36]} 30. c5 {[%emt 0:00:17]} Qxb4 {[%emt 0:00:19]} 31. Rd1 {[%emt 0:00:37]} O-O-O {[%emt 0:00:56]} 32. Bd3 {[%emt 0:00:28]} Qg4+ {[%emt 0:00:54]} 0-1

[Event "BL Meisterschaftsturnier 2020"]
[Site "Karlsruhe"]
[Date "2020.09.18"]
[Round "4.16"]
[White "Zaragatski, Ilja"]
[Black "Colbow, Collin"]
[Result "1/2-1/2"]
[WhiteElo "2517"]
[BlackElo "2210"]
[Annotator "TA"]
[PlyCount "75"]
[EventDate "2020.09.16"]
[EventType "team-tourn"]
[EventCountry "GER"]
[SourceTitle "playchess.com"]
[Source "ChessBase"]
[SourceQuality "1"]
[WhiteTeam "Viernheim"]
[BlackTeam "Werder Bremen"]

{[%evp 10,75,20,14,36,15,49,11,62,54,63,26,110,75,89,29,39,37,48,30,41,51,33,51,75,73,91,88,85,80,108,118,110,67,66,64,84,87,81,72,72,72,80,89,108,33,34,35,31,14,86,0,0,0,18,0,0,0,0,0,0,0,0,0,0,0,0,0]} 1. c4 c5 2. g3 g6 3. Bg2 Bg7 4. Nc3 Nc6 5. a3 a5 6. e3 d6 {A36: Symmetrical English vs ...g6: 4 Bg2 Bg7.} 7. Nge2 {[#]} Bd7 $146 ({Predecessor:} 7... Nf6 8. d4 cxd4 9. exd4 O-O 10. O-O Bf5 11. h3 Re8 12. Be3 h5 13. f4 e6 14. Kh2 {1-0 (32) Klekowski,M (2498)-Stachowiak,K (2432) Wroclaw 2017}) 8. d4 Qc8 (8... cxd4 $11 9. exd4 Nh6) 9. dxc5 dxc5 10. Na4 Qc7 (10... Bh3 $11 11. Nb6 Bxg2 12. Nxc8 Bxh1) 11. Nxc5 Rd8 12. Qb3 (12. O-O $16) 12... Ne5 $1 $11 13. Nxd7 ({Reject} 13. Nxb7 a4 $17) 13... Rxd7 14. Nd4 Qxc4 15. Qxc4 Nxc4 16. b3 Bxd4 17. exd4 Nd6 18. Bd2 a4 19. bxa4 Nf6 20. Rb1 O-O 21. O-O Ra8 22. Rb4 e6 23. Bf4 Nd5 24. Bxd5 exd5 25. Rfb1 h5 26. Rb6 Nf5 27. Rxb7 (27. R1b4 $16) 27... Rxb7 $14 28. Rxb7 {[#] Rb8+ is the strong threat.} Rxa4 $16 {[%mdl 4096] Endgame KRB-KRN} 29. Be5 {Rb8+ would kill now.} g5 (29... Kf8 $11 {remains equal.}) 30. Rb4 ({Better is} 30. Rd7 $16) 30... Rxa3 $11 {The position is equal.} 31. Rb5 h4 32. Kg2 g4 33. Rb8+ Kh7 34. Rh8+ Kg6 {[#] Hoping for ...f6.} 35. Rg8+ Kh5 36. Rh8+ Kg6 {And now ...f6 would win.} 37. Rg8+ Kh5 38. Rh8+ {Accuracy: White = 73%, Black = 73%.} 1/2-1/2

[Event "BL Meisterschaftsturnier 2020"]
[Site "Karlsruhe"]
[Date "2020.09.18"]
[Round "4.16"]
[White "Zaragatski, Ilja"]
[Black "Colbow, Collin"]
[Result "*"]
[WhiteElo "2517"]
[BlackElo "2210"]
[Annotator "TA"]
[PlyCount "26"]
[EventDate "2020.09.16"]
[EventType "team-tourn"]
[EventCountry "GER"]
[SourceTitle "playchess.com"]
[Source "ChessBase"]
[SourceQuality "1"]
[WhiteTeam "Viernheim"]
[BlackTeam "Werder Bremen"]

{[%evp 9,10,0,25]} 1. c4 c5 2. g3 g6 3. Bg2 Bg7 4. Nc3 Nc6 5. a3 a5 {[#]} {Predecessor:} 6. d3 $146 {A36: Symmetrical English vs ...g6: 4 Bg2 Bg7.} e6 7. e4 Nge7 8. h4 h5 9. Bg5 d6 10. Nge2 Nd4 11. Rb1 f6 12. Be3 e5 13. O-O O-O {1-0 (44) Forcen Esteban,D (2567)-Espinosa Aranda,A (2482) La Roda 2019} *

[Event "BL Meisterschaftsturnier 2020"]
[Site "Karlsruhe"]
[Date "2020.09.18"]
[Round "4.16"]
[White "Schenk, Andreas"]
[Black "Florstedt, Johannes"]
[Result "1/2-1/2"]
[WhiteElo "2431"]
[BlackElo "2353"]
[Annotator "TA"]
[PlyCount "176"]
[EventDate "2020.09.16"]
[EventType "team-tourn"]
[EventCountry "GER"]
[SourceTitle "playchess.com"]
[Source "ChessBase"]
[SourceQuality "1"]
[WhiteTeam "Bayern Muenchen"]
[BlackTeam "SF Berlin"]

{[%evp 10,176,22,12,13,0,7,0,0,5,5,11,32,0,0,0,0,15,22,0,0,0,0,0,-2,-8,-9,-9,-10,-108,-110,-102,-109,-108,-115,-117,-117,-121,-118,-122,-117,-121,-118,-120,-123,-119,-119,-128,-108,-108,-108,-108,-100,-100,-100,-109,-110,-108,-108,-101,-100,-100,-100,-100,-100,-100,-100,-100,-100,-100,-100,-123,-131,-146,0,-100,-93,-99,-81,-99,-82,-89,-82,-96,-89,-100,-100,-102,-100,-100,-97,-97,-97,-97,-97,-97,-97,-97,-97,-97,-97,-97,-84,-97,-97,-97,-97,-97,-97,-97,-97,-131,-131,-131,-96,-97,-97,-97,-96,-96,-95,-97,-95,-97,-96,-96,-95,-95,-95,-95,-95,-95,-95,-96,-96,-96,-96,-96,-96,-96,-96,-96,-96,-96,-96,-96,-8,-14,-14,-24,-14,-14,-14,-60,-60,-60,-60,-60,-60,-60,0,-43,0,-60,0,0,0,-9,0]} 1. d4 Nf6 2. c4 g6 3. Nc3 d5 4. Bf4 Bg7 5. e3 O-O 6. Rc1 Be6 {D83: Grünfeld: 4 Bf4 Bg7 5 e3 0-0.} 7. cxd5 Nxd5 8. Nxd5 Qxd5 9. b3 Na6 10. Nf3 Rac8 {[#]} 11. Bc4 $146 ({Predecessor:} 11. Qd2 c5 12. Bc4 Qf5 13. Bd3 Qh5 14. O-O cxd4 15. exd4 Rfd8 16. Ng5 Rxc1 17. Rxc1 Bxd4 18. Nxe6 fxe6 {0-1 (83) Frank,E (2277)-Tabatabaei,M (2612) Karlsruhe 2019}) 11... Qa5+ 12. Qd2 Qxd2+ 13. Kxd2 Bxc4 14. Rxc4 c5 15. dxc5 Rxc5 16. Rhc1 Rd8+ 17. Ke2 Rxc4 18. Rxc4 b5 $36 {[%mdl 2048] White is under pressure.} 19. Re4 {[#]} (19. Rc6 $11 Nb4 {[%mdl 64] Double Attack} 20. Rc7) 19... e5 $1 $17 {[%cal Re5f4]} 20. Bxe5 Re8 21. Bxg7 Rxe4 {[%mdl 4096] Endgame KRN-KBN} 22. Be5 Nb4 23. a3 Nc6 24. Bc3 Re8 25. Kd3 f5 26. h3 Rd8+ 27. Ke2 h5 28. Ne1 a5 29. Nd3 Kf7 30. h4 Ke7 31. Nf4 Rd6 32. Bg7 Kf7 33. Bc3 a4 34. bxa4 bxa4 35. Nd3 Rd5 36. Nb2 Rd7 37. Nxa4 Ra7 38. Nb6 Rxa3 39. Nd5 Nd8 40. Bd4 Ne6 41. Nf4 Nd8 ({Better is} 41... Ra2+ $17 42. Kf3 Nxf4 43. exf4 Ra3+ 44. Ke2 Ke6) 42. Nd3 (42. Nd5 $1 $11 {keeps the balance.}) 42... Ra6 43. Kf3 Ke8 44. Nf4 Nf7 45. Nh3 Rc6 46. Bg7 Nd6 47. Ng5 Rc4 48. Be5 Ne4 (48... Kd7 {is interesting.} 49. Bf4 Ra4 50. Bxd6 Kxd6 51. g3 Ke5) 49. Nxe4 fxe4+ {KR-KB} 50. Kg3 Kd7 51. Bg7 Ke6 52. Bh6 Rc5 53. f3 Kf5 54. Bg5 Rc7 55. Bf4 Rf7 56. Bg5 Ke5 57. Bh6 Kd5 58. Bg5 Ra7 59. Kf4 Ra4 60. fxe4+ Rxe4+ 61. Kf3 Ke5 62. Bf4+ Kf5 63. g3 Ra4 64. Bh6 Ra5 65. Bf4 Rb5 66. Bh6 Ke5 67. Bg7+ Kd5 68. e4+ Ke6 69. Kf4 Rb1 70. Bh8 Rf1+ 71. Ke3 Kd6 72. Ke2 Rf8 73. Bg7 Rf7 74. Bh8 Kc5 75. Ke3 Kc4 76. Be5 Rf1 77. Bg7 Rb1 (77... Kb5 $17 78. Kd4 Kc6) 78. Bf6 Rb6 79. Bg5 Rb3+ 80. Kf4 Kd3 81. e5 Rb4+ 82. Kf3 Re4 83. Bf6 Ra4 84. Bg5 Re4 85. Bf6 Rb4 {Threatens to win with ...Re4.} 86. Bg5 Rb8 ({Black should try} 86... Kd4 $15 87. e6 Rb3+ 88. Kf4 Kd5) 87. Bf6 $11 Kd4 (87... Rb1 $5 88. Kf4 $8 Kd4 $11) 88. Kf4 Kd5 {Accuracy: White = 93%, Black = 93%.} 1/2-1/2

[Event "BL Meisterschaftsturnier 2020"]
[Site "Karlsruhe"]
[Date "2020.09.19"]
[Round "5.1"]
[White "Caruana, Fabiano"]
[Black "Fressinet, Laurent"]
[Result "1/2-1/2"]
[WhiteElo "2835"]
[BlackElo "2635"]
[Annotator "TA"]
[PlyCount "110"]
[EventDate "2020.09.16"]
[EventType "team-tourn"]
[EventCountry "GER"]
[SourceTitle "playchess.com"]
[Source "ChessBase"]
[SourceQuality "1"]
[WhiteTeam "Baden-Baden"]
[BlackTeam "Werder Bremen"]

{[%evp 13,110,53,47,45,54,47,46,50,64,14,19,25,22,17,15,23,22,35,39,30,29,26,39,20,37,18,10,17,25,16,16,12,20,13,19,30,43,0,0,0,0,0,0,0,0,0,0,0,0,-1,0,-128,0,-148,-31,-68,0,0,0,0,0,0,0,0,0,0,0,-6,0,0,0,0,0,0,0,0,0,0,0,0,0,0,0,0,0,0,0,0,0,0,0,0,0,-2,0,0,0,0,-2]} 1. e4 e5 2. Nf3 Nc6 3. Bb5 a6 4. Ba4 Nf6 5. O-O Nxe4 6. d4 Be7 7. Re1 b5 8. Rxe4 {aiming for Bb3. C84: Closed Ruy Lopez: Unusual White 6th moves.} d5 9. Nxe5 Nxe5 10. Rxe5 {And now Bb3 would win.White is slightly better.} bxa4 {[#]} 11. Qf3 $146 ({Predecessor:} 11. Qh5 O-O 12. Nc3 Be6 13. Nxd5 Bd6 14. Bg5 f6 15. Rxe6 Bxh2+ 16. Qxh2 Qxd5 17. Re7 fxg5 {½-½ (39) Sevian,S (2660)-Martinez Alcantara,J (2620) chess.com INT 2020}) 11... Be6 12. Nc3 {[%cal Rc3d5]} Bf6 13. Bg5 Bxg5 14. Qh5 O-O 15. Rxg5 a3 16. b3 (16. bxa3 {looks sharper.} Qd7 17. Qe2 f6 18. Rg3 Bf7 19. Qf3) 16... g6 17. Rg3 Qd6 {...Qxg3! is the strong threat.} 18. Qe2 Rfe8 19. Qd2 Bd7 20. h3 Re6 21. Re1 Rxe1+ 22. Qxe1 Re8 23. Re3 Rxe3 24. Qxe3 Bf5 25. g4 Bxc2 26. Kg2 h5 27. Qd2 Be4+ $1 28. f3 $1 {[%cal Rf3e4]} h4 {Strongly threatening ...Qg3+.} 29. Qf2 Bd3 30. Qxh4 c6 31. Qf2 Qf4 32. Nd1 {[#]} (32. Na4 $11 {remains equal.}) 32... Bb1 (32... c5 $1 $17 {[%mdl 512]} 33. dxc5 Qc1) 33. b4 {[#]} (33. Nc3 $11 {keeps the balance.} Bd3 34. Na4) 33... Qc1 (33... g5 $1 $17 34. Qe3 Bxa2 35. Qxa3 Qd2+ 36. Nf2 Bc4) 34. Qe2 $15 {[#]} Bxa2 $1 {[%mdl 512]} 35. Qxa2 $11 {The position is equal.} Qxd1 36. Qxa3 $15 {[%mdl 4096] Endgame KQ-KQ} Qd2+ 37. Kg3 Qxd4 {White must now prevent ...Qe5+.} 38. Qxa6 Qg1+ 39. Kf4 Qd4+ 40. Kg3 g5 {[%cal Rd4g1]} (40... Qe5+ {feels hotter.} 41. Kf2 Qd6 42. Kg2 Qd7 43. Kf2 Kh7) 41. Kg2 Qd2+ 42. Kf1 Qc1+ 43. Ke2 Qc2+ 44. Ke3 Qc3+ 45. Ke2 Qc2+ 46. Ke3 Qc3+ 47. Ke2 Kg7 {White should prevent ...d4.} 48. Qc8 Qc2+ 49. Ke3 $1 Qc3+ 50. Ke2 Qc2+ 51. Ke3 $1 Qb3+ 52. Ke2 $1 Qc4+ 53. Kf2 Qxb4 {Hoping for ...Qc5+.} 54. Qxc6 Qd2+ 55. Kf1 Qd1+ {Accuracy: White = 89%, Black = 91%.} 1/2-1/2

[Event "BL Meisterschaftsturnier 2020"]
[Site "Karlsruhe"]
[Date "2020.09.19"]
[Round "5.1"]
[White "Amin, Bassem"]
[Black "Seel, Christian"]
[Result "1-0"]
[WhiteElo "2686"]
[BlackElo "2475"]
[Annotator "TA"]
[PlyCount "119"]
[EventDate "2020.09.16"]
[EventType "team-tourn"]
[EventCountry "GER"]
[SourceTitle "playchess.com"]
[Source "ChessBase"]
[SourceQuality "1"]
[WhiteTeam "Viernheim"]
[BlackTeam "Aachen"]

{[%evp 11,119,29,22,26,39,43,35,21,26,4,8,0,0,0,109,100,99,102,108,107,174,159,177,164,257,279,265,272,322,310,606,606,548,399,448,162,1202,1187,1038,656,930,929,909,895,980,939,942,510,456,294,270,143,183,183,278,283,227,152,483,143,119,0,0,8,0,7,0,0,0,0,0,0,0,0,0,0,0,0,0,0,0,0,0,0,0,0,0,0,0,0,0,0,8,8,852,830,806,776,1772,1754,29980,29980,29978,29979,29985,29986,29986,29987,29987,29986]} 1. e4 d5 2. exd5 Qxd5 3. Nc3 Qa5 4. d4 Nf6 5. Nf3 Bf5 6. Bc4 e6 7. Bd2 {B01: Scandinavian Defence.} Bb4 8. a3 Bxc3 $1 9. Bxc3 {White is slightly better.} Qb6 10. Qe2 O-O {[#]} 11. Bb4 $146 ({Predecessor:} 11. Nh4 Be4 12. O-O-O Nc6 13. Rhg1 Rad8 14. d5 exd5 15. Bxf6 gxf6 16. Ba2 Nd4 17. Qe3 {0-1 (27) Terletsky,O (2307)-Tristan,L (2535) chess.com INT 2020}) 11... Re8 12. O-O-O $36 {[%mdl 2048] White is more active.} c6 (12... Nbd7 $11) 13. Ne5 $16 a5 14. Be1 Qc7 15. g4 Bg6 (15... b5 $16) 16. h4 b5 17. Ba2 $1 Be4 (17... c5 {is a better defense.}) 18. g5 $1 $18 Bxh1 19. gxf6 gxf6 20. Bd2 $1 {[%cal Rd2h6] Threatening mate with Bh6.} Kf8 $2 (20... fxe5 21. Rxh1 Kh8) 21. Rxh1 fxe5 22. dxe5 Ke7 23. Rd1 $2 (23. Bxe6 fxe6 24. Qh5) 23... Rf8 $2 (23... Rg8) 24. Bg5+ Ke8 25. Rd6 h6 26. Bxh6 Rg8 27. Qh5 Rg1+ {[#]} 28. Kd2 $1 {aiming for Bxe6.} Rg6 29. Bg5 {White wants to mate with Qh8+.} Nd7 30. Ke2 Nf8 31. Qf3 ({Better is} 31. c3 $18 {And now Qh8 would win.} b4 32. Bb1 (32. cxb4 axb4 33. Bb1 bxa3 $14)) 31... Rc8 32. c3 Rxg5 (32... Nh7 {was called for.}) 33. hxg5 b4 34. Bb1 bxa3 $2 (34... Nd7 $16) 35. bxa3 $2 (35. Be4 $18 {[%cal Re4c6] is the precise move to win.} Qb7 36. g6 (36. Bxc6+ Rxc6 37. Rxc6 a2 $17) (36. bxa3 Qb5+ 37. Qd3 Qxe5 $16) 36... fxg6 37. Qf6 (37. bxa3 Qb5+ 38. Qd3 Qxe5 $14)) 35... Qb6 36. Qd3 (36. Bd3 $16) 36... Qb2+ $11 37. Kf3 {Hoping for Qa6.} Ng6 38. Rxe6+ fxe6 39. Qxg6+ {[%mdl 4160] Endgame Double Attack. KQR-KQB} Kd8 40. Qc2 (40. Kg2 {seems wilder.} Kc7 41. Be4 Qe2 42. Qf7+ Kb6 43. Qf3) 40... Qxc2 41. Bxc2 {KR-KB} Ke7 42. Ke3 c5 43. a4 Rh8 44. Be4 Rh5 45. g6 Rxe5 46. f3 ({But not} 46. f4 $2 Rh5 $19) 46... Rg5 47. Kd3 $1 c4+ (47... Rg1 $5) 48. Kxc4 Kd6 49. Kd4 Rg1 50. Ke3 Rc1 51. Bd3 Ke7 52. c4 e5 $2 {[%mdl 8192] [#]} (52... Kd6 $11) 53. Kd2 $1 $18 {[%cal Rd2c1]} Ra1 54. c5 Ra2+ 55. Bc2 Ra3 56. g7 {White mates.} Kf7 57. c6 e4 58. fxe4 ({Worse is} 58. c7 e3+ 59. Ke2 Rc3 $17) 58... Rg3 59. c7 Rg2+ 60. Kc1 {Accuracy: White = 70%, Black = 56%.} 1-0

[Event "BL Meisterschaftsturnier 2020"]
[Site "Karlsruhe"]
[Date "2020.09.19"]
[Round "5.2"]
[White "McShane, Luke J"]
[Black "Vachier-Lagrave, Maxime"]
[Result "1/2-1/2"]
[WhiteElo "2680"]
[BlackElo "2778"]
[Annotator "TA"]
[PlyCount "90"]
[EventDate "2020.09.16"]
[EventType "team-tourn"]
[EventCountry "GER"]
[SourceTitle "playchess.com"]
[Source "ChessBase"]
[SourceQuality "1"]
[WhiteTeam "Werder Bremen"]
[BlackTeam "Baden-Baden"]

{[%evp 11,90,9,9,7,6,3,33,33,38,8,5,0,0,0,0,0,30,36,36,28,26,23,25,20,35,34,29,27,49,39,55,51,83,58,63,51,95,83,84,81,123,109,112,110,108,51,70,18,19,12,12,10,10,0,0,6,11,24,36,8,8,0,26,30,30,41,33,15,15,15,33,6,6,6,13,15,41,5,5,5,6]} 1. Nf3 c5 2. c4 Nf6 3. d4 cxd4 4. Nxd4 Nc6 5. Nc3 e6 6. Bf4 d5 7. e3 {A33: Symmetrical English: 2 Nf3 Nf6 3 d4 cxd4 4 Nxd4 e6 5 Nc3 Nc6.} Bb4 8. Be2 Bd7 9. Ndb5 {White is slightly better.} e5 {[#]} 10. Bg3 $146 ({Predecessor:} 10. Bg5 a6 11. a3 axb5 12. axb4 Rxa1 13. Qxa1 dxc4 14. O-O O-O 15. Rd1 Qe7 16. Nd5 Qe6 17. Nc7 Qe7 18. Nd5 Qe6 19. Nc7 Qe7 {½-½ (19) Nepomniachtchi,I (2729)-Vachier Lagrave,M (2789) London 2017}) 10... Be6 11. O-O {[#] Hoping for cxd5.} dxc4 12. Qa4 a6 13. Rad1 Qe7 {[#] And now ...0-0 would win.} 14. Bxe5 $1 {[%mdl 512] Strongly threatening Nc7+.} O-O (14... Nxe5 15. Nd6+) 15. Bxf6 $1 gxf6 16. Nd4 Nxd4 17. exd4 Bxc3 18. bxc3 Bd5 19. Rde1 Qd6 20. Bg4 Kh8 21. Qd1 $36 {[%mdl 2048] White has the initiative.} Qc6 22. Bf5 {White threatens Qh5! and mate.} Rg8 23. g3 Bg2 24. Qh5 {[%csl Gf5][%cal Rh5h7]} Rg7 25. Bd7 $1 {[%cal Rd7c6]} Qd5 26. Qxd5 Bxd5 27. Re7 b5 28. a4 (28. Bh3 $16) 28... Rgg8 29. axb5 ({Better is} 29. Bh3 $14) 29... axb5 $11 30. Bxb5 {White wants to play Rc7.} Rgb8 31. Bd7 Rb7 32. Re8+ Rxe8 33. Bxe8 {[%mdl 4096] Endgame KRB-KRB} Re7 34. Bb5 Rb7 35. Ba4 (35. Ba6 $5 {[%cal Ra6b7]} Rb2 36. Rc1 $16) 35... Ra7 $1 {[%cal Ra7a4]} 36. Bb5 Rb7 37. Ba6 Rb3 38. Rc1 Be6 39. Kf1 Rb6 $1 {[%cal Rb6a6]} 40. Ra1 {aiming for Ra4.} Rb3 41. Bc8 (41. f4 {with more complications.} Rxc3 42. Ra5 Bg4 43. d5 Rc2 44. Rc5) 41... Bxc8 42. Ra8 Rxc3 43. Rxc8+ Kg7 44. d5 Rd3 45. Rxc4 {next Rc5 is good for White.} Rxd5 {Accuracy: White = 82%, Black = 83%.} 1/2-1/2